Amerikaanse staten langs grenzen in 30 seconden - Statistieken

Algemene statistieken
  • Deze quiz is 115 keer genomen
  • De gemiddelde score is 30 van 50
Antwoorden op de kaart
Antwoorden kleurgecodeerd door een groen-rode schaal op de quizkaart volgens % correct hieronder.
 
Antwoordstatistieken
Aangrenzende staten Staten % Correct
Arizona, Colorado, Oklahoma, Texas, Utah New Mexico
94%
Louisiana, Mississippi, Missouri, Oklahoma, Tennessee, Texas Arkansas
91%
Arkansas, Mississippi, Texas Louisiana
91%
Arkansas, Colorado, Kansas, Missouri, New Mexico, Texas Oklahoma
91%
Arkansas, Louisiana, New Mexico, Oklahoma Texas
91%
Montana, Nevada, Oregon, Utah, Washington, Wyoming Idaho
88%
California, Idaho, Nevada, Washington Oregon
82%
Arizona, Colorado, Idaho, Nevada, New Mexico, Wyoming Utah
82%
Colorado, Idaho, Montana, Nebraska, South Dakota, Utah Wyoming
79%
Arizona, Kansas, Nebraska, New Mexico, Oklahoma, Utah, Wyoming Colorado
76%
Arizona, California, Idaho, Oregon, Utah Nevada
76%
Arkansas, Illinois, Iowa, Kansas, Kentucky, Nebraska, Oklahoma, Tennessee Missouri
74%
Iowa, Minnesota, Montana, Nebraska, North Dakota, Wyoming South Dakota
74%
California, Colorado, Nevada, New Mexico, Utah Arizona
71%
Idaho, North Dakota, South Dakota, Wyoming Montana
71%
Colorado, Iowa, Kansas, Missouri, South Dakota, Wyoming Nebraska
71%
Connecticut, Massachusetts, New Jersey, Pennsylvania, Vermont New York
71%
Delaware, Maryland, New Jersey, New York, Ohio, West Virginia Pennsylvania
71%
Alaska
68%
Connecticut, New Hampshire, New York, Rhode Island, Vermont Massachusetts
68%
Idaho, Oregon Washington
68%
Massachusetts, New York, Rhode Island Connecticut
65%
Colorado, Missouri, Nebraska, Oklahoma Kansas
65%
Massachusetts, New Hampshire, New York Vermont
65%
Illinois, Minnesota, Missouri, Nebraska, South Dakota, Wisconsin Iowa
62%
Delaware, New York, Pennsylvania New Jersey
62%
Florida, Georgia, Mississippi, Tennessee Alabama
59%
Alabama, Georgia Florida
59%
Illinois, Kentucky, Michigan, Ohio Indiana
59%
Indiana, Kentucky, Michigan, Pennsylvania, West Virginia Ohio
59%
Alabama, Arkansas, Georgia, Kentucky, Mississippi, Missouri, North Carolina, Virginia Tennessee
59%
Illinois, Indiana, Missouri, Ohio, Tennessee, Virginia, West Virginia Kentucky
56%
Minnesota, Montana, South Dakota North Dakota
56%
Kentucky, Maryland, Ohio, Pennsylvania, Virginia West Virginia
53%
Indiana, Iowa, Kentucky, Missouri, Wisconsin Illinois
47%
Indiana, Ohio, Wisconsin Michigan
47%
Kentucky, Maryland, North Carolina, Tennessee, West Virginia Virginia
47%
Arizona, Nevada, Oregon Californië
44%
Iowa, North Dakota, South Dakota, Wisconsin Minnesota
44%
Georgia, South Carolina, Tennessee, Virginia North Carolina
44%
Illinois, Iowa, Michigan, Minnesota Wisconsin
44%
Maine, Massachusetts, Vermont New Hampshire
41%
Hawaï
38%
New Hampshire Maine
38%
Alabama, Arkansas, Louisiana, Tennessee Mississippi
38%
Delaware, Pennsylvania, Virginia, West Virginia Maryland
32%
Georgia, North Carolina South Carolina
32%
Maryland, New Jersey, Pennsylvania Delaware
21%
Connecticut, Massachusetts Rhode Island
15%
Alabama, Florida, North Carolina, South Carolina, Tennessee Georgia
12%
Geen overeenkomende quizzen gevonden
Scoreverdeling
Procent van Mensen met Elke Score
Percentiel versus Aantal Correcte Antwoorden
Uw Scoregeschiedenis
U heeft deze quiz nog niet genomen